000
00343nam a2200133Ia 4500
008
240624s9999 xx 000 0 und d
041
_a
eng
082
_a
823 DOY
100
_a
DOYLE CHRISTOPHER C
245
_a
MAHABHARATA QUEST THE ALEXANDER SECRET
260
_c
2014
_a
Chennai
_b
Westland Ltd
300
_a
xxi, 355 p.; 23 cm.
365
_c
RS
999
_c
30763
_d
30763